| 000 | 00631nam a2200193 i 4500 | ||
|---|---|---|---|
| 001 | 53703 | ||
| 003 | ES-MaACL | ||
| 005 | 20250718184448.0 | ||
| 007 | t| | ||
| 008 | 960806m18841885sp ||||1| spa d | ||
| 040 |
_aCARM _bspa _cCCPB | SIC |
||
| 100 | 1 |
_aFernández Duro, Cesáreo, _d1830-1908 _949752 |
|
| 245 | 1 | 3 |
_aLa Armada Invencible / _cpor el Capitan Cesáreo Fernandez Duro. |
| 260 |
_aMadrid : _b[s.n.], _c1884-1885 ( _fEstab. Tip. de los sucesores de Rivadeneyra...) |
||
| 300 |
_a2 v. ; _c21 cm. |
||
| 650 | 1 | 4 |
_aArmada Invencible, 1588. _99965 |
| 852 |
_aES-MaACL _jC-371-72 |
||
| 999 |
_c53703 _d53703 |
||